000 00674nam a22002177a 4500
999 _c9343
_d9343
003 AR-CdUCM
008 190327b ||||| |||| 00| 0 spa d
040 _aMUNICIPALIDAD PROVINCIAL DEL CUSCO
_cBIBLIOTECA MUNICIPAL DEL CUSCO
082 _a946 /
_bEH33 / 1934
100 _aEhrenburg, Ilya
_99817
245 _aEspaña /
260 _aSantiago de Chile :
_bErcilla,
_c1934.
300 _a150 páginas ;
_c22.5 cm.
440 _aBiblioteca Excelsior.
_nIII
_925475
650 _aEspaña
_9176
650 _aCondiciones económicas
_91989
650 _aPsicología social
_94539
700 _aRovinski - Arensburg (traductora)
_925476
942 _2ddc
_cLIBROS
945 _azta